[Event "II. CLANSKA LIGA ZAHOD 2023"]
[Site "Komenda"]
[Date "2023.11.26"]
[Round "8.3"]
[White "Demsar, Maks"]
[Black "Krumpak, Hinko"]
[Result "1/2-1/2"]
[WhiteElo "1532"]
[BlackElo "2008"]
[PlyCount "82"]
[EventDate "2023.11.26"]
[WhiteTeam "DRUSTVO TOMO ZUPAN"]
[BlackTeam "SK TRZIN"]

1. e4 d5 2. exd5 Qxd5 3. Nf3 Bg4 4. Be2 Nf6 5. d4 c6 6. O-O e6 7. c4 Qa5 8. Nc3
Nbd7 9. a3 Bd6 10. h3 Bh5 11. Ng5 Bg6 12. Bd3 O-O 13. Bxg6 hxg6 14. Be3 Nh7 15.
Qg4 Ndf6 16. Qh4 Nxg5 17. Bxg5 Nh7 18. Ne4 Bc7 19. Nc3 Rfe8 20. b4 Qb6 21. Bf4
Bxf4 22. Qxf4 Nf6 23. Rab1 a6 24. Rfe1 Rac8 25. g4 Qc7 26. Qxc7 Rxc7 27. g5 Nd7
28. Ne4 Nb6 29. Nd6 Rd8 30. c5 Nc8 31. Nxc8 Rcxc8 32. Rbd1 Rd7 33. f4 Rcd8 34.
Re4 a5 35. Kf2 axb4 36. axb4 Ra8 37. Re3 Ra2+ 38. Re2 Rxe2+ 39. Kxe2 Rd8 40.
Ke3 Ra8 41. Rd3 Kf8 1/2-1/2

[Event "II. CLANSKA LIGA ZAHOD 2023"]
[Site "Komenda"]
[Date "2023.11.26"]
[Round "8.4"]
[White "Rojs, Igor"]
[Black "Smirnov, Maksim"]
[Result "1-0"]
[WhiteElo "1909"]
[BlackElo "1491"]
[PlyCount "111"]
[EventDate "2023.11.26"]
[WhiteTeam "SK TRZIN"]
[BlackTeam "DRUSTVO TOMO ZUPAN"]

1. c4 c6 2. Nc3 d5 3. e3 Nf6 4. d4 e6 5. Bd3 Nbd7 6. f4 dxc4 7. Bxc4 c5 8. Nf3
cxd4 9. exd4 Nb6 10. Bb3 Bb4 11. O-O O-O 12. a3 Ba5 13. Ba2 Nbd5 14. Qd3 Qd6
15. Ne4 Nxe4 16. Qxe4 Nf6 17. Qe5 Bc7 18. Bd2 Qb6 19. Qc5 Ne4 20. Qxb6 Bxb6 21.
Be3 Bd7 22. Ne5 Bb5 23. Rfd1 Rfd8 24. f5 Re8 25. fxe6 fxe6 26. Nc4 Bxc4 27.
Bxc4 Nd6 28. Bb3 Nf5 29. Bf2 Kf8 30. g4 Nh6 31. h3 Rad8 32. Rf1 Kg8 33. Rad1
Kh8 34. Rfe1 Nf7 35. Kg2 Rd6 36. h4 Nd8 37. Re4 e5 38. dxe5 Rxd1 39. Bxd1 Bxf2
40. Kxf2 Kg8 41. Bb3+ Kf8 42. Bd5 Nc6 43. Bxc6 bxc6 44. Ke3 Rb8 45. Rb4 Rxb4
46. axb4 Ke7 47. Kd4 Ke6 48. Kc5 Kxe5 49. Kxc6 Kd4 50. b5 Kc4 51. b6 axb6 52.
Kxb6 Kb3 53. Kc6 Kxb2 54. Kd6 Kc3 55. Ke6 Kd4 56. Kf7 1-0

[Event "II. CLANSKA LIGA ZAHOD 2023"]
[Site "Komenda"]
[Date "2023.11.26"]
[Round "8.5"]
[White "Rogelj, Tomaz"]
[Black "Leben, Dusan"]
[Result "0-1"]
[WhiteElo "1765"]
[BlackElo "1804"]
[PlyCount "56"]
[EventDate "2023.11.26"]
[WhiteTeam "DRUSTVO TOMO ZUPAN"]
[BlackTeam "SK TRZIN"]

1. e4 e5 2. Nf3 Nf6 3. Nc3 Nc6 4. Bc4 Bb4 5. d3 d6 6. h3 h6 7. Bd2 Na5 8. Bb3
Nxb3 9. axb3 a6 10. O-O O-O 11. Nh2 Be6 12. f4 exf4 13. Bxf4 Kh7 14. Qf3 Bc5+
15. Kh1 Bd4 16. Rab1 Ng8 17. Ne2 Be5 18. d4 Bxf4 19. Nxf4 Qe7 20. Rbe1 c6 21.
d5 Bd7 22. Qd3 Kh8 23. Re3 Rae8 24. Rfe1 Qe5 25. Rf1 Nf6 26. c4 cxd5 27. Nxd5
Nxd5 28. cxd5 Bb5 0-1

[Event "II. CLANSKA LIGA ZAHOD 2023"]
[Site "Komenda"]
[Date "2023.11.26"]
[Round "8.6"]
[White "Borstnik, Ales"]
[Black "Bobnar, Vid"]
[Result "1/2-1/2"]
[WhiteElo "1799"]
[BlackElo "1835"]
[PlyCount "71"]
[EventDate "2023.11.26"]
[WhiteTeam "SK TRZIN"]
[BlackTeam "DRUSTVO TOMO ZUPAN"]

1. e4 e5 2. Nf3 Nc6 3. Bc4 Bc5 4. c3 d6 5. b4 Bb6 6. a4 a6 7. a5 Ba7 8. Qb3 Qe7
9. O-O h6 10. h3 Nf6 11. d3 O-O 12. Be3 Be6 13. Nbd2 Bxc4 14. Nxc4 Bxe3 15.
Nxe3 Nd8 16. Nh4 Qe6 17. Qd1 Qe7 18. Nhf5 Ne6 19. Qf3 Kh7 20. Qg3 Rg8 21. Qh4
Qd8 22. g4 Kh8 23. Kh1 Nh7 24. Rad1 Qxh4 25. Nxh4 Nf4 26. Nd5 Nxd5 27. exd5 Ng5
28. Kg2 Rge8 29. f4 exf4 30. Rxf4 Re2+ 31. Rf2 Rxf2+ 32. Kxf2 Re8 33. Rh1 g6
34. Nf3 Nxf3 35. Kxf3 Kg7 36. Rh2 1/2-1/2

[Event "II. CLANSKA LIGA ZAHOD 2023"]
[Site "Komenda"]
[Date "2023.11.26"]
[Round "8.1"]
[White "Prestrl, Jozef"]
[Black "Skoberne, Jure"]
[Result "0-1"]
[WhiteElo "1797"]
[BlackElo "2538"]
[PlyCount "70"]
[EventDate "2023.11.26"]
[WhiteTeam "SD RADOVLJICA"]
[BlackTeam "SD POSOCJE"]

1. Nf3 Nf6 2. g3 b5 3. Bg2 Bb7 4. O-O c5 5. d4 e6 6. Bg5 d5 7. Bxf6 Qxf6 8. e3
Nd7 9. c3 Qd8 10. Nbd2 Be7 11. Re1 O-O 12. Bf1 a6 13. a3 f5 14. dxc5 Nxc5 15.
Nd4 e5 16. N4b3 Na4 17. Qb1 Qb6 18. Bg2 Rae8 19. Nc1 g5 20. Nd3 e4 21. Nc1 f4
22. Ndb3 fxe3 23. Rxe3 Qf6 24. Qc2 Nb6 25. Re2 Nc4 26. Nd4 Bc5 27. Ncb3 Bb6 28.
Rd1 g4 29. Qc1 Ne5 30. Qe3 Qg6 31. Rc2 Qh5 32. Qc1 Rf6 33. Rf1 Rh6 34. Rd1 Nf3+
35. Kf1 Qxh2 0-1

[Event "II. CLANSKA LIGA ZAHOD 2023"]
[Site "Komenda"]
[Date "2023.11.26"]
[Round "8.2"]
[White "Srebrnic, Marko"]
[Black "Simnic, Franci"]
[Result "1-0"]
[WhiteElo "2366"]
[BlackElo "1685"]
[PlyCount "45"]
[EventDate "2023.11.26"]
[WhiteTeam "SD POSOCJE"]
[BlackTeam "SD RADOVLJICA"]

1. e4 c5 2. Nf3 d6 3. g3 Nf6 4. Qe2 Nc6 5. c3 Qc7 6. Bg2 e6 7. O-O Be7 8. d4
cxd4 9. cxd4 O-O 10. Nc3 a6 11. Rd1 Rb8 12. Bf4 e5 13. Be3 Bg4 14. d5 Na5 15.
Rac1 Qc4 16. Bb6 Qb4 17. Bc7 Rbc8 18. a3 Qc5 19. Nb1 Qxc7 20. Rxc7 Rxc7 21. h3
Bh5 22. g4 Bg6 23. Nxe5 1-0

[Event "II. CLANSKA LIGA ZAHOD 2023"]
[Site "Komenda"]
[Date "2023.11.26"]
[Round "8.3"]
[White "Krivec, Metod"]
[Black "Biti, Ozren"]
[Result "0-1"]
[WhiteElo "1773"]
[BlackElo "2305"]
[PlyCount "66"]
[EventDate "2023.11.26"]
[WhiteTeam "SD RADOVLJICA"]
[BlackTeam "SD POSOCJE"]

1. d4 d6 2. Nf3 g6 3. e4 Nf6 4. Bd3 Bg7 5. O-O O-O 6. c4 Nc6 7. Nbd2 e5 8. d5
Ne7 9. b4 Ne8 10. Qb3 h6 11. c5 f5 12. Nc4 fxe4 13. Bxe4 Nf6 14. Ncd2 Qe8 15.
cxd6 cxd6 16. Bb2 Qf7 17. Rad1 Rd8 18. Rfe1 Rb8 19. Nb1 Nxe4 20. Rxe4 Bf5 21.
Ree1 Bxb1 22. Rxb1 Qxd5 23. Qa4 a6 24. Rbd1 Qf7 25. Rd2 Nc6 26. a3 Rbc8 27. Qd1
Kh7 28. h3 Qf4 29. Rxd6 e4 30. Bxg7 Rxd6 31. Be5 Rxd1 32. Bxf4 Rcd8 33. Kh2
exf3 0-1

[Event "II. CLANSKA LIGA ZAHOD 2023"]
[Site "Komenda"]
[Date "2023.11.26"]
[Round "8.4"]
[White "Beletic, Danijel"]
[Black "Torkar, Boris"]
[Result "1/2-1/2"]
[WhiteElo "2243"]
[BlackElo "1783"]
[PlyCount "51"]
[EventDate "2023.11.26"]
[WhiteTeam "SD POSOCJE"]
[BlackTeam "SD RADOVLJICA"]

1. d4 d5 2. c4 c6 3. Nf3 e6 4. Nc3 Nf6 5. e3 Be7 6. Bd3 O-O 7. O-O b6 8. b3 Bb7
9. cxd5 exd5 10. Ne5 Nbd7 11. f4 c5 12. Qf3 Rb8 13. Qh3 Nxe5 14. dxe5 Ne4 15.
Rd1 Bc8 16. g4 Bxg4 17. Qxg4 Nxc3 18. Rd2 g6 19. Bb2 d4 20. Qf3 Qd7 21. Kh1 Kh8
22. Kg1 Kg8 23. Kh1 Kh8 24. Kg1 Kg8 25. Kh1 Kh8 26. Kg1 1/2-1/2

[Event "II. CLANSKA LIGA ZAHOD 2023"]
[Site "Komenda"]
[Date "2023.11.26"]
[Round "8.6"]
[White "Zlatanovic, Marcus"]
[Black "Bec, Alojz"]
[Result "0-1"]
[WhiteElo "1741"]
[BlackElo "1853"]
[PlyCount "91"]
[EventDate "2023.11.26"]
[WhiteTeam "SD POSOCJE"]
[BlackTeam "SD RADOVLJICA"]

1. e4 c5 2. Nf3 Nc6 3. d4 cxd4 4. Nxd4 d6 5. c4 e6 6. Nc3 Be7 7. Be3 Nf6 8. Be2
h6 9. O-O O-O 10. h3 Bd7 11. f4 Qc7 12. Ndb5 Qb8 13. Qd2 a6 14. Nd4 Nxd4 15.
Bxd4 Bc6 16. Bf3 Rd8 17. Qe2 b5 18. cxb5 axb5 19. e5 Bxf3 20. Rxf3 dxe5 21.
Bxe5 Qb6+ 22. Kh1 b4 23. Ne4 Nxe4 24. Qxe4 f6 25. Qg6 fxe5 26. Rg3 Bf8 27. fxe5
Qc6 28. Rf1 Qe8 29. Qxh6 Ra7 30. Rf4 Rf7 31. Rh4 Rf1+ 32. Kh2 Rdd1 33. Qh7+ Kf7
34. Rf3+ Rxf3 35. Qh5+ Ke7 36. Qxf3 Rd5 37. Rxb4 Rb5 38. Rf4 Rxe5 39. Qa3+ Kd7
40. Rxf8 Qh5 41. Qa7+ Kd6 42. Rc8 Kd5 43. Qd7+ Ke4 44. Rc4+ Ke3 45. Qd4+ Ke2
46. Rc2+ 0-1

[Event "II. CLANSKA LIGA ZAHOD 2023"]
[Site "Komenda"]
[Date "2023.11.26"]
[Round "8.1"]
[White "Bratovic, Blaz"]
[Black "Ogradi, Gregor"]
[Result "1/2-1/2"]
[WhiteElo "2350"]
[BlackElo "1958"]
[PlyCount "69"]
[EventDate "2023.11.26"]
[WhiteTeam "SD GORENJKA LESCE"]
[BlackTeam "SK KOMENDA"]

1. d4 d5 2. c4 e6 3. Nc3 Nf6 4. cxd5 exd5 5. Bg5 c6 6. e3 h6 7. Bh4 Be7 8. Bd3
O-O 9. Qc2 Nbd7 10. Nge2 a5 11. a4 Re8 12. O-O Nh5 13. Bxe7 Qxe7 14. h3 Nf8 15.
Rae1 Ne6 16. Bf5 Ng5 17. Bxc8 Raxc8 18. Nc1 Ne4 19. Nd3 Nhf6 20. Ra1 Nd7 21.
Rfc1 Nd6 22. b3 Ra8 23. Ne2 Ne4 24. Nc3 Nd6 25. Nb1 Ne4 26. Nd2 Nd6 27. Re1 Qe6
28. Rac1 g6 29. Rf1 h5 30. Nf3 Ne4 31. Nfe5 Nxe5 32. Nxe5 Qe7 33. Qd1 Kg7 34.
Qe1 f6 35. Nd3 1/2-1/2

[Event "II. CLANSKA LIGA ZAHOD 2023"]
[Site "Komenda"]
[Date "2023.11.26"]
[Round "8.2"]
[White "Cimperman, Teo"]
[Black "Mencinger, Vojko"]
[Result "0-1"]
[WhiteElo "1640"]
[BlackElo "2296"]
[PlyCount "88"]
[EventDate "2023.11.26"]
[WhiteTeam "SK KOMENDA"]
[BlackTeam "SD GORENJKA LESCE"]

1. e4 c5 2. Nf3 d6 3. d4 cxd4 4. Nxd4 Nf6 5. Nc3 a6 6. g3 e6 7. Bg2 Be7 8. O-O
O-O 9. Be3 Qc7 10. f4 Nc6 11. h3 Na5 12. Bf2 Rb8 13. g4 b5 14. a3 Nc4 15. Rb1
Nxb2 16. Rxb2 Qxc3 17. Rb3 Qc7 18. g5 Nd7 19. Rg3 Re8 20. f5 Ne5 21. f6 Bf8 22.
Nf3 Ng6 23. Qd2 Bb7 24. Re1 Rbc8 25. Re2 e5 26. Ne1 Nf4 27. Ree3 Qc4 28. Bf1
Qe6 29. Be2 Nxe2+ 30. Qxe2 Rc4 31. Rg4 Rec8 32. Rh4 g6 33. Rg4 d5 34. exd5 Qxd5
35. Rg2 Rxc2 36. Qg4 Rxf2 37. Kxf2 Bc5 38. Rgg3 Rd8 39. Qe2 Qh1 40. Rg1 Qxh3
41. Nf3 e4 42. Ne5 Qh2+ 43. Kf1 Qxe5 44. Rh1 Qf4+ 0-1

[Event "II. CLANSKA LIGA ZAHOD 2023"]
[Site "Komenda"]
[Date "2023.11.26"]
[Round "8.3"]
[White "Petek, Primoz"]
[Black "Babarovic, Fran"]
[Result "0-1"]
[WhiteElo "2113"]
[BlackElo "1653"]
[PlyCount "68"]
[EventDate "2023.11.26"]
[WhiteTeam "SD GORENJKA LESCE"]
[BlackTeam "SK KOMENDA"]

1. c4 e5 2. Nc3 Nc6 3. g3 Nf6 4. Bg2 Be7 5. Nf3 d6 6. O-O Be6 7. d3 h6 8. Rb1
Qd7 9. b4 Bh3 10. b5 Nd8 11. Nd5 Nxd5 12. cxd5 Bxg2 13. Kxg2 h5 14. h4 f6 15.
Qc2 Nf7 16. Rb4 g5 17. a4 gxh4 18. Nxh4 f5 19. Rh1 f4 20. Rc4 Rc8 21. d4 Qg4
22. dxe5 dxe5 23. Ng6 Rg8 24. Nxe7 Kxe7 25. Rxc7+ Rxc7 26. Qxc7+ Kf6 27. Qc5
Qxe2 28. Bxf4 Qe4+ 29. Kh2 h4 30. f3 hxg3+ 31. Bxg3 Qe2+ 32. Kh3 Ng5+ 33. Kh4
Nxf3+ 34. Kh3 Ng5+ 0-1

[Event "II. CLANSKA LIGA ZAHOD 2023"]
[Site "Komenda"]
[Date "2023.11.26"]
[Round "8.4"]
[White "Perme, Metod"]
[Black "Pavlin, Damijan"]
[Result "0-1"]
[WhiteElo "1301"]
[BlackElo "1926"]
[PlyCount "56"]
[EventDate "2023.11.26"]
[WhiteTeam "SK KOMENDA"]
[BlackTeam "SD GORENJKA LESCE"]

1. e4 c6 2. Nc3 d5 3. h3 dxe4 4. Nxe4 Nf6 5. Bd3 Nbd7 6. Nf3 Nxe4 7. Bxe4 Nc5
8. Qe2 g6 9. c3 Nxe4 10. Qxe4 Bg7 11. O-O Bf5 12. Qe3 O-O 13. d4 Re8 14. Bd2
Qb6 15. Qe2 Qxb2 16. Qc4 Be4 17. Rae1 Bxf3 18. gxf3 Qxd2 19. Re2 Qf4 20. Re4
Qxf3 21. Re3 Qd5 22. Qxd5 cxd5 23. a4 b6 24. Rb1 e5 25. Rd1 exd4 26. Rxd4 Rxe3
27. fxe3 Bxd4 28. exd4 Rc8 0-1

[Event "II. CLANSKA LIGA ZAHOD 2023"]
[Site "Komenda"]
[Date "2023.11.26"]
[Round "8.5"]
[White "Kocjancic, Luka"]
[Black "Zagar, Katarina"]
[Result "1-0"]
[WhiteElo "1288"]
[BlackElo "1157"]
[PlyCount "83"]
[EventDate "2023.11.26"]
[WhiteTeam "SD GORENJKA LESCE"]
[BlackTeam "SK KOMENDA"]

1. d4 Nf6 2. c4 e6 3. Nf3 d5 4. Nc3 Be7 5. Bf4 O-O 6. e3 c5 7. Bd3 a6 8. dxc5
dxc4 9. Bxc4 Bxc5 10. h3 b5 11. Be2 Qxd1+ 12. Rxd1 Bb7 13. a3 Nc6 14. O-O Ne7
15. Ne5 Rfd8 16. Bg5 Ne4 17. Nxe4 Bxe4 18. Nd7 Bc2 19. Rd2 f6 20. Rxc2 Rxd7 21.
Rxc5 fxg5 22. Bf3 Rc8 23. Rxc8+ Nxc8 24. Rc1 Nd6 25. Rc6 a5 26. Rb6 Kf7 27. Bc6
Rc7 28. Bxb5 Rb7 29. Rxb7+ Nxb7 30. Kf1 Ke7 31. Ke2 Kd6 32. Kd3 Kc5 33. Bc4 e5
34. Bg8 h6 35. Ke4 Nd6+ 36. Kxe5 Nc4+ 37. Bxc4 Kxc4 38. b4 a4 39. e4 h5 40. Kd6
g4 41. e5 gxh3 42. gxh3 1-0

[Event "II. CLANSKA LIGA ZAHOD 2023"]
[Site "Komenda"]
[Date "2023.11.26"]
[Round "8.6"]
[White "Sostaric, Zan"]
[Black "Primozic, Lovro"]
[Result "0-1"]
[WhiteElo "1000"]
[BlackElo "1354"]
[PlyCount "78"]
[EventDate "2023.11.26"]
[WhiteTeam "SK KOMENDA"]
[BlackTeam "SD GORENJKA LESCE"]

1. d4 d5 2. Nf3 Nf6 3. Nc3 Bf5 4. Bf4 e6 5. e3 a6 6. Bd3 Ne4 7. O-O Be7 8. Be5
O-O 9. Na4 Nd7 10. h3 b5 11. Nc3 Bg6 12. Qe2 c5 13. Bf4 f5 14. Ne5 Nxe5 15.
Bxe5 Bf6 16. Rac1 Bxe5 17. dxe5 Qc7 18. f4 Ng3 19. Qf3 Nxf1 20. Bxf1 b4 21.
Nxd5 exd5 22. Qxd5+ Kh8 23. Rd1 Rad8 24. Qf3 Rxd1 25. Qxd1 Rd8 26. Bd3 c4 27.
b3 cxd3 28. cxd3 Qc3 29. e6 Qxd3 30. Qf1 Qxe3+ 31. Kh2 Qxe6 32. Qc4 Qxc4 33.
bxc4 Rd2 34. a4 bxa3 35. c5 a2 36. Kg3 a1=Q 37. c6 Qc3+ 38. Kh4 Rxg2 39. c7
Qg3# 0-1